| 000 | 00527nam a2200181 a 4500 | ||
|---|---|---|---|
| 001 | 1622 | ||
| 003 | CDMR | ||
| 005 | 20130611101433.0 | ||
| 008 | 130130s1975||||||||||||||||||||||||||||d | ||
| 020 | _a8425208653 | ||
| 040 |
_aCDMR _bcat _cCDMR |
||
| 100 | 1 |
_aIvins, William Mills _91222 |
|
| 245 | 1 | 0 |
_aImagen impresa y conocimiento _b: análisis de la imagen prefotográfica _cW. M. Ivins, jr. |
| 260 |
_aBarcelona _c1975 _bGustavo Gili |
||
| 490 | 0 | _aComunicación visual | |
| 650 | 0 | 4 |
_93737 _aComunicació visual |
| 942 |
_cMON _2udc |
||
| 999 |
_c1622 _d1622 |
||